Statistics for U.S. States - 30 seconds HOW MANY CAN U NAME?

Click here to take the quiz!

General Stats

  • This quiz has been taken 3,875 times
  • The average score is 11 of 50

Answer Stats

StAtEs% Correct
California
61%
Alaska
47%
Florida
46%
Alabama
45%
Arizona
41%
Texas
41%
New York
40%
Hawaii
34%
Ohio
34%
Idaho
33%
Iowa
32%
Washington
32%
Arkansas
31%
Colorado
31%
Utah
30%
Oregon
29%
Georgia
28%
Maine
28%
Kansas
23%
Illinois
22%
Nevada
21%
Indiana
20%
Delaware
19%
Montana
19%
Michigan
18%
New Jersey
18%
New Mexico
18%
Vermont
15%
Connecticut
14%
Kentucky
14%
Nebraska
13%
Virginia
13%
Wyoming
13%
Maryland
12%
Minnesota
12%
North Dakota
12%
Mississippi
11%
New Hampshire
11%
Oklahoma
11%
South Dakota
11%
Louisiana
10%
Missouri
10%
Wisconsin
10%
North Carolina
9%
South Carolina
9%
Massachusetts
8%
Rhode Island
8%
Tennessee
7%
Pennsylvania
6%
West Virginia
6%

Score Distribution

Percentile by Number Answered

Percent of People with Each Score

Your Score History

You have not taken this quiz